000 00823nam a2200241 i 4500
001 124767
003 ES-MaACL
005 20250715063113.0
007 t|
008 070418s1919 sp ||||1| spa d
080 _a821.134.2-22"18"
100 1 _aRamos Carrión, Miguel,
_d1848-1915
_995293
245 1 0 _aZaragüeta
_b: comedia en dos actos /
_coriginal de Miguel Ramos Carrión y Vital Aza.
260 _a[Madrid :
_bLa Novela Teatral,
_c1919]
300 _a16 h. ;
_c20 cm.
490 1 _aLa novela teatral ;
_v119
500 _aEn cub. la caricatura de Amalia Sánchez Ariño por Tovar.
700 1 _aAza, Vital,
_d1851-1912
_924210
700 0 _aTovar
_c, ilustrador.
_9157378
830 0 _aLa novela teatral ;
_v119
_9122427
852 _aES-MaACL
_j2215-F-17
_bR.138730
999 _c124767
_d124767